Les équipes qui jouent en bleu ! - Statistiques

Statistiques générales
  • Ce quiz a été pris 106 fois
    94 depuis la dernière actualisation
  • Le résultat moyen est 7 sur 15
Statistiques - réponses
Pays Clubs % Correct
Angleterre Chelsea
86%
France Psg
86%
Angleterre Manchester city
73%
Italie Inter milan
68%
France Marseille
67%
Portugal Porto
63%
Italie Naples
54%
Angleterre Everton
53%
Allemagne Schalke
27%
France Le Havre
26%
Angleterre Leicester
23%
Espagne Real Sociedad
21%
Italie Sampdoria
7%
Espagne Bilbao
1%
Pays-Bas Alkmaar
0%
Aucun quiz correspondant
Distribution des résultats
% des personnes avec chaque résultat
Percentile par nombre de réponses
Votre historique - résultats
Vous n’avez pas pris ce quiz depuis la dernière actualisation